000 01034nab a22002297a 4500
999 _c6434
_d6434
003 OSt
005 20260203094918.0
008 190429b xxu||||| |||| 00| 0 spa d
040 _cPJ
100 _97061
_aFortín, Marcelo Pablo
245 1 0 _aSobre el modo de resolver la antinomia entre el art. 191, inc. 1, y el art. 194 del Cód. Penal /
_cMarcelo Pablo Fortín.
260 _cCiudad Autónoma de Buenos Aires :
_aThomson Reuters La Ley,
_b2023.
300 _ap. 27-42
500 _aCita Online: AR/DOC/2685/2023.
505 _tSi te interesa el texto completo, solicitalo a koha@justierradelfuego.gov.ar
650 0 _9343
_aDERECHO PENAL
650 0 _93282
_aDELITOS CONTRA LA SEGURIDAD DE LOS MEDIOS DE TRANSPORTE Y DE COMUNICACIÓN
650 0 _94217
_aTRANSPORTE FERROVIARIO
650 0 _92686
_aDELITOS CONTRA LA SEGURIDAD PÚBLICA
773 0 _02658
_93164
_tRevista de derecho penal y criminología. Nº 11 - Diciembre 2023
_dCiudad Autónoma de Buenos Aires : Thomson Reuters La Ley, 2017-
_x00347914
942 _2udc
_cANA